| 000 | 00459nam a22001937a 4500 | ||
|---|---|---|---|
| 999 |
_c11767 _d11767 |
||
| 003 | OSt | ||
| 008 | 230128b ||||| |||| 00| 0 eng d | ||
| 020 | _a9789353065805 | ||
| 082 | _a658.45 BEC | ||
| 100 | _aBEEBE,Steven A | ||
| 245 | _aCommunication:Principles for a Lifetime | ||
| 250 | _a6th Ed | ||
| 260 |
_aUP _bPearson _c2019 |
||
| 300 | _a470 | ||
| 650 | _aCommunication | ||
| 700 | _aBEEBE,Susan J | ||
| 700 | _aIVY,Diana K | ||
| 942 |
_2ddc _cREF |
||